000 00258nam a2200097Ia 4500
001 719198
005 20250826163038.0
008 250824s9999 xx 000 0 und d
245 0 _aROGER ACKROYD CİNAYETİ
_cAGATHA CHRISTIE
260 _bALTIN KİTAPLAR YAYINLARI
999 _c719198
_d719198